000 00335nam a2200157Ia 4500
100 _aSmith/Heidi
650 _aReasoning
942 _cBK
366 _f20
245 _aHow to pass numerical reasoning tests
260 _bKogan Page
_c2011
082 _a371.2
_bSMI
300 _a230
546 _aENGLISH
_cComputers
999 _c35414
_d35414